[Event "Berlin-ch QT"]
[Site "Berlin"]
[Date "2014.04.27"]
[Round "9"]
[White "Montavon, Gerard"]
[Black "Kunze, Michael"]
[Result "1-0"]
[WhiteElo "2022"]
[BlackElo "1929"]
[PlyCount "103"]
[EventDate "2014.04.19"]
[EventType "swiss"]
[EventRounds "9"]
[EventCountry "GER"]
[SourceTitle "EXT 2022"]
[Source "ChessBase"]
[SourceDate "2021.10.06"]
[SourceVersion "1"]
[SourceVersionDate "2021.10.06"]
[SourceQuality "1"]

1. e4 c6 2. d4 d5 3. e5 Bf5 4. Nc3 e6 5. g4 Bg6 6. Nge2 Bb4 7. Ng3 Bxc3+ 8. bxc3 h6 9. f4 Be4 10. Nxe4 dxe4 11. Be3 Qa5 12. Qd2 f5 13. gxf5 exf5 14. Rg1 Kf8 15. Bc4 Ne7 16. Rb1 Nd7 17. Rxb7 Nb6 18. Be6 Nbd5 19. c4 Qa6 20. cxd5 Qxb7 21. dxc6 Qxc6 22. d5 Qc4 23. Qa5 Rb8 24. Kd2 g5 25. Bc5 e3+ 26. Bxe3 Kg7 27. Qc5 Qxc5 28. Bxc5 Nxd5 29. Bxd5 Rb5 30. fxg5 Rxc5 31. gxh6+ Kxh6 32. c4 Rd8 33. Ke3 Ra5 34. Rg2 Ra4 35. e6 Rb4 36. Kd4 f4 37. Kc3 a5 38. h3 Rf8 39. a3 Rbb8 40. c5 f3 41. Rf2 a4 42. Kd4 Kg5 43. c6 Rf4+ 44. Kc5 Rf5 45. c7 Rc8 46. Kd6 Rxd5+ 47. Kxd5 Rxc7 48. Rxf3 Rb7 49. Kd6 Rb6+ 50. Kd7 Rb7+ 51. Kd8 Rb3 52. e7 1-0

[Event "Berlin-ch QT"]
[Site "Berlin"]
[Date "2014.04.26"]
[Round "8"]
[White "Shapiro, Yosip"]
[Black "Montavon, Gerard"]
[Result "0-1"]
[WhiteElo "2118"]
[BlackElo "2022"]
[PlyCount "124"]
[EventDate "2014.04.19"]
[EventType "swiss"]
[EventRounds "9"]
[EventCountry "GER"]
[SourceTitle "EXT 2022"]
[Source "ChessBase"]
[SourceDate "2021.10.06"]
[SourceVersion "1"]
[SourceVersionDate "2021.10.06"]
[SourceQuality "1"]

1. Nf3 Nf6 2. c4 e6 3. d4 d5 4. Nc3 Be7 5. g3 0-0 6. Bg2 c6 7. 0-0 Re8 8. b3 Nbd7 9. Ne5 Nf8 10. e3 N6d7 11. Nd3 Bf6 12. f4 Be7 13. Bb2 a5 14. Rf2 Nb6 15. c5 Nbd7 16. Na4 Ng6 17. Rc1 Bf8 18. h4 Ne7 19. Qe1 g6 20. Bc3 Bg7 21. Nb6 Nxb6 22. cxb6 Qxb6 23. Nc5 Qd8 24. Nd3 h5 25. Bb2 Nf5 26. Rfc2 f6 27. Kh2 Nh6 28. Bf3 Nf7 29. Re2 e5 30. Bg2 Bg4 31. Rf2 Bf5 32. Qf1 Nh6 33. Bh3 Bxh3 34. Kxh3 Qd7+ 35. Kg2 Ng4 36. Re2 exf4 37. Qxf4 Bh6 38. Qf3 Rxe3 39. Rxe3 Nxe3+ 40. Kg1 Qf5 41. Qxf5 Nxf5 42. Rf1 Kg7 43. Rf3 a4 44. Nf4 axb3 45. Rxb3 b5 46. a3 Re8 47. Kf2 Bxf4 48. gxf4 Nxh4 49. a4 bxa4 50. Rb7+ Kh6 51. Rf7 Re6 52. Ba3 g5 53. Bc1 Kg6 54. Rf8 Nf5 55. fxg5 Nxd4 56. Rg8+ Kh7 57. Ra8 Re2+ 58. Kg3 Rc2 59. gxf6 Rxc1 60. f7 Ne6 61. f8Q Nxf8 62. Rxf8 Rc4 0-1

[Event "Berlin-ch QT"]
[Site "Berlin"]
[Date "2014.04.23"]
[Round "5"]
[White "Montavon, Gerard"]
[Black "Kapr, Klaus"]
[Result "0-1"]
[WhiteElo "2022"]
[BlackElo "2055"]
[PlyCount "106"]
[EventDate "2014.04.19"]
[EventType "swiss"]
[EventRounds "9"]
[EventCountry "GER"]
[SourceTitle "EXT 2022"]
[Source "ChessBase"]
[SourceDate "2021.10.06"]
[SourceVersion "1"]
[SourceVersionDate "2021.10.06"]
[SourceQuality "1"]

1. e4 d5 2. exd5 Qxd5 3. Nc3 Qd6 4. d4 Nf6 5. Nb5 Qb6 6. c4 c6 7. Nc3 Bf5 8. Nf3 e6 9. Bd3 Bg4 10. Be2 Nbd7 11. 0-0 Be7 12. Be3 Qxb2 13. Na4 Qa3 14. Rb1 0-0 15. Rxb7 Rfb8 16. Rxb8+ Rxb8 17. Bc1 Qxa2 18. Nc3 Qa5 19. Bd2 Bb4 20. Qc1 c5 21. d5 exd5 22. cxd5 c4 23. h3 Bxf3 24. Bxf3 Ne5 25. Rd1 Rd8 26. Be2 Nd3 27. Qc2 Bxc3 28. Bxc3 Qxd5 29. Bxf6 gxf6 30. Qc3 Qd4 31. Qxd4 Rxd4 32. Kf1 a5 33. Bxd3 Rxd3 34. Rc1 Rd4 35. Ke2 f5 36. Rc3 Kg7 37. Ke3 Rd3+ 38. Rxd3 cxd3 39. Kxd3 Kf6 40. f4 Ke6 41. Kc4 h5 42. g3 Kd6 43. h4 Kc6 44. Kd4 a4 45. Ke5 a3 46. Kxf5 a2 47. Kf6 a1Q+ 48. Kxf7 Kd6 49. Kg6 Qd1 50. f5 Qg4+ 51. Kf6 Qg8 52. g4 hxg4 53. h5 g3 0-1

[Event "Berlin-ch QT"]
[Site "Berlin"]
[Date "2014.04.21"]
[Round "3"]
[White "Montavon, Gerard"]
[Black "Lorenz, Joerg"]
[Result "1-0"]
[WhiteElo "2022"]
[BlackElo "2171"]
[PlyCount "50"]
[EventDate "2014.04.19"]
[EventType "swiss"]
[EventRounds "9"]
[EventCountry "GER"]
[SourceTitle "EXT 2022"]
[Source "ChessBase"]
[SourceDate "2021.10.06"]
[SourceVersion "1"]
[SourceVersionDate "2021.10.06"]
[SourceQuality "1"]

1. e4 e6 2. d4 d5 3. e5 c5 4. Qg4 cxd4 5. Nf3 Nc6 6. Bd3 Qc7 7. Bf4 Nge7 8. Qh3 g6 9. 0-0 Bg7 10. Re1 h5 11. a3 a5 12. Qg3 Qb6 13. b3 Rg8 14. Nbd2 Nf5 15. Bxf5 gxf5 16. Qg5 Ne7 17. Qxh5 Ng6 18. Qh7 Kf8 19. Bh6 Bd7 20. Ng5 Rc8 21. Rac1 Qc5 22. Ndf3 d3 23. Nxf7 Bxh6 24. Nd6 Rg7 25. Qxh6 Nxe5 1-0

[Event "Berlin qualification op"]
[Site "Berlin"]
[Date "2010.04.06"]
[Round "4"]
[White "Ritter, Stefan"]
[Black "Montavon, Gerard"]
[Result "0-1"]
[WhiteElo "2022"]
[BlackElo "2085"]
[PlyCount "178"]
[EventDate "2010.04.03"]
[EventType "swiss"]
[EventRounds "9"]
[EventCountry "GER"]
[SourceTitle "EXT 2012"]
[Source "ChessBase"]
[SourceDate "2011.11.24"]
[SourceVersion "1"]
[SourceVersionDate "2011.11.24"]
[SourceQuality "1"]

1. e4 e5 2. Nf3 Nc6 3. Bc4 Nf6 4. Nc3 Bc5 5. d3 h6 6. Be3 Bb6 7. Qd2 d6 8. h3 Be6 9. Bxe6 fxe6 10. d4 exd4 11. Nxd4 Qd7 12. 0-0-0 Ne5 13. Qe2 0-0-0 14. Ndb5 a6 15. Nxd6+ cxd6 16. Bxb6 Rde8 17. f4 Nf7 18. Rd4 Kb8 19. e5 Qc6 20. Na4 Nd5 21. Rc4 Qb5 22. Bf2 Nxf4 23. Ba7+ Kxa7 24. Qf2+ Kb8 25. Rxf4 Nxe5 26. Nb6 Kc7 27. Na4 Rc8 28. Qa7 g5 29. Nc3 Qd7 30. Rb4 Qc6 31. Rd1 Nd7 32. Qd4 d5 33. Rd3 Kb8 34. Qg7 Nb6 35. b3 Qd6 36. Qd4 Nd7 37. Na4 Rhf8 38. Nb6 Nxb6 39. Rxb6 Qc7 40. Rd2 Rf1+ 41. Kb2 e5 42. Qb4 Rf4 43. Qd6 e4 44. Rxd5 Rf2 45. Re5 Qxd6 46. Rxd6 Rcxc2+ 47. Ka3 Rxa2+ 48. Kb4 Rxg2 49. Re8+ Ka7 50. Re7 Rad2 51. Rxh6 Rd5 52. Rxe4 Rg3 53. Ka3 Rdd3 54. Rb4 Rxh3 55. Rg6 Rd1 56. Rg4 Ra1+ 57. Kb4 Rb1 58. R4xg5 Rhxb3+ 59. Kc4 Rb5 60. Rg3 R1b4+ 61. Kc3 Rb3+ 62. Kc2 Rxg3 63. Rxg3 a5 64. Rg4 b6 65. Rh4 Ka6 66. Rg4 Rb4 67. Rg5 a4 68. Kc1 Rb3 69. Kc2 b5 70. Rg6+ Ka5 71. Rg4 Rh3 72. Rf4 a3 73. Kb1 Rh2 74. Rg4 b4 75. Rg5+ Ka4 76. Rg4 Rb2+ 77. Ka1 Rc2 78. Kb1 Rc3 79. Ka1 Kb3 80. Rg1 Rd3 81. Rc1 Rd2 82. Rb1+ Ka4 83. Rh1 b3 84. Rh4+ Kb5 85. Rh1 Kc4 86. Rg1 Kc3 87. Rh1 Re2 88. Rg1 Kd2 89. Rc1 b2+ 0-1

[Event "Berlin qualification op"]
[Site "Berlin"]
[Date "2010.04.04"]
[Round "2"]
[White "Montavon, Gerard"]
[Black "Cobanov, Ante"]
[Result "1-0"]
[WhiteElo "2085"]
[BlackElo "1851"]
[PlyCount "59"]
[EventDate "2010.04.03"]
[EventType "swiss"]
[EventRounds "9"]
[EventCountry "GER"]
[SourceTitle "EXT 2012"]
[Source "ChessBase"]
[SourceDate "2011.11.24"]
[SourceVersion "1"]
[SourceVersionDate "2011.11.24"]
[SourceQuality "1"]

1. e4 c5 2. Nf3 Nc6 3. d4 cxd4 4. Nxd4 Qb6 5. Nb3 Nf6 6. Nc3 a6 7. Be2 g6 8. Nd5 Nxd5 9. exd5 Nd8 10. Be3 Qd6 11. Bd4 f6 12. Bf3 Bg7 13. 0-0 Kf7 14. Re1 Re8 15. Bc5 Qb8 16. d6 e6 17. Bb6 Nc6 18. c4 Bf8 19. c5 Bg7 20. Qd2 f5 21. a4 a5 22. Bxc6 bxc6 23. Nxa5 Bb7 24. Nc4 Ba6 25. Ne5+ Bxe5 26. Rxe5 Kg7 27. Ba5 Kg8 28. Bc3 Rf8 29. Qd4 Kf7 30. Rxe6 1-0

[Event "Berlin qualification op"]
[Site "Berlin"]
[Date "2009.04.17"]
[Round "7"]
[White "Marotzke, Joerg"]
[Black "Montavon, Gerard"]
[Result "1/2-1/2"]
[WhiteElo "1984"]
[BlackElo "2085"]
[PlyCount "89"]
[EventDate "2009.04.11"]
[EventType "swiss"]
[EventRounds "9"]
[EventCountry "GER"]
[SourceTitle "EXT 2012"]
[Source "ChessBase"]
[SourceDate "2011.11.24"]
[SourceVersion "1"]
[SourceVersionDate "2011.11.24"]
[SourceQuality "1"]

1. e4 e5 2. Nf3 Nc6 3. d4 exd4 4. Bc4 d6 5. Nxd4 Bd7 6. 0-0 Be7 7. f4 Nf6 8. Nc3 0-0 9. Nf3 a6 10. a3 Be6 11. Bd3 h6 12. f5 Bd7 13. Qe1 Kh8 14. h3 Re8 15. Kh1 Bf8 16. Qh4 Ne5 17. Nxe5 Rxe5 18. Bf4 Re8 19. Bg5 Bc6 20. Rae1 Re5 21. Bf4 Re8 22. Kh2 Kg8 23. g4 Nd7 24. g5 Ne5 25. Bxe5 dxe5 26. f6 Re6 27. Nd5 hxg5 28. Qh5 gxf6 29. Ne3 Rd6 30. Bc4 Re6 31. Bxe6 fxe6 32. Qg6+ Bg7 33. Ng4 Be8 34. Nh6+ Kh8 35. Nf7+ Bxf7 36. Qxf7 Qd2+ 37. Kh1 Qxc2 38. Rxf6 Qd2 39. Qh5+ Kg8 40. Qf7+ Kh8 41. Ref1 Qe2 42. Qg6 Bxf6 43. Qxf6+ Kh7 44. Qf7+ Kh8 45. Qf6+ 1/2-1/2

[Event "Berlin qualification op"]
[Site "Berlin"]
[Date "2009.04.16"]
[Round "6"]
[White "Montavon, Gerard"]
[Black "Fehrmann, Guido"]
[Result "1/2-1/2"]
[WhiteElo "2085"]
[BlackElo "1993"]
[PlyCount "60"]
[EventDate "2009.04.11"]
[EventType "swiss"]
[EventRounds "9"]
[EventCountry "GER"]
[SourceTitle "EXT 2012"]
[Source "ChessBase"]
[SourceDate "2011.11.24"]
[SourceVersion "1"]
[SourceVersionDate "2011.11.24"]
[SourceQuality "1"]

1. e4 c5 2. Nf3 d6 3. d4 cxd4 4. Nxd4 Nf6 5. Nc3 g6 6. Be2 Bg7 7. Be3 0-0 8. Qd2 Nc6 9. 0-0-0 Nxd4 10. Bxd4 Be6 11. h3 Qa5 12. a3 Rac8 13. g4 Rfd8 14. f4 b5 15. Qe3 b4 16. axb4 Qxb4 17. f5 Bc4 18. Bf3 Rb8 19. b3 Bxb3 20. cxb3 Rdc8 21. Rd3 Nxg4 22. Bxg4 Bxd4 23. Qxd4 Qxd4 24. Rxd4 Rxc3+ 25. Kd2 Rbxb3 26. f6 exf6 27. Rxd6 Rg3 28. Rxf6 Rg2+ 29. Kc1 Ra3 30. Kb1 Rb3+ 1/2-1/2

[Event "Berlin Unicorn op"]
[Site "Berlin"]
[Date "2008.05.03"]
[Round "6"]
[White "Montavon, Gerard"]
[Black "Kropman, Alexei"]
[Result "1-0"]
[WhiteElo "2109"]
[BlackElo "1920"]
[PlyCount "75"]
[EventDate "2008.04.30"]
[EventType "swiss"]
[EventRounds "7"]
[EventCountry "GER"]
[SourceTitle "CBM 124 Extra"]
[Source "ChessBase"]
[SourceDate "2008.07.03"]
[SourceVersion "1"]
[SourceVersionDate "2008.07.03"]
[SourceQuality "1"]

1. e4 e5 2. Nf3 Nc6 3. c3 d5 4. Qa4 Qd6 5. Bb5 Bd7 6. exd5 Qxd5 7. 0-0 Be7 8. d4 e4 9. c4 Qh5 10. Nfd2 Nf6 11. Nc3 Bd6 12. h3 0-0 13. Ndxe4 Nxe4 14. Nxe4 Bxh3 15. Bxc6 Bd7 16. Nxd6 Bxc6 17. Qa3 cxd6 18. Qxd6 Rad8 19. Qf4 Rfe8 20. d5 Bd7 21. Be3 Bf5 22. f3 Bd3 23. Rfc1 Re5 24. a3 Rde8 25. Bf2 Re2 26. Re1 h6 27. Rxe2 Rxe2 28. b3 Qg6 29. g3 Qf6 30. Qxf6 gxf6 31. c5 Bb5 32. a4 Bd7 33. b4 Rd2 34. d6 Rb2 35. b5 Rc2 36. Re1 Be6 37. Be3 Ra2 38. c6 1-0

[Event "Berlin Unicorn op"]
[Site "Berlin"]
[Date "2008.04.30"]
[Round "1"]
[White "Zoellner, Rainer"]
[Black "Montavon, Gerard"]
[Result "1-0"]
[WhiteElo "1901"]
[BlackElo "2109"]
[PlyCount "101"]
[EventDate "2008.04.30"]
[EventType "swiss"]
[EventRounds "7"]
[EventCountry "GER"]
[SourceTitle "CBM 124 Extra"]
[Source "ChessBase"]
[SourceDate "2008.07.03"]
[SourceVersion "1"]
[SourceVersionDate "2008.07.03"]
[SourceQuality "1"]

1. e4 e5 2. f4 exf4 3. Nf3 h6 4. d4 g5 5. Bc4 d6 6. Nc3 Bg7 7. 0-0 Bg4 8. b3 Nc6 9. Bb5 Nge7 10. Bb2 0-0 11. Ne2 a6 12. Bd3 Nb4 13. c3 Nxd3 14. Qxd3 c5 15. g3 fxg3 16. Nxg3 b5 17. Rf2 f5 18. Re1 Qb6 19. e5 Bxf3 20. Rxf3 f4 21. Ne4 c4 22. bxc4 bxc4 23. Qe2 dxe5 24. Qxc4+ Kh8 25. Ba3 Rfc8 26. Qf7 exd4 27. Qxe7 dxc3+ 28. Bc5 Bd4+ 29. Bxd4+ Qxd4+ 30. Kg2 Re8 31. Rd3 Rxe7 32. Rxd4 g4 33. Rc1 Rb8 34. Nxc3 Rb2+ 35. Kg1 Rf7 36. Rf1 Rc7 37. Nd5 Rcc2 38. Nxf4 Kg7 39. Ne6+ Kg6 40. Rxg4+ Kh5 41. Rg3 Rc4 42. Nf4+ Rxf4 43. Rxf4 Rxa2 44. Rf2 Ra1+ 45. Kg2 Rb1 46. Ra2 Rb4 47. Rxa6 Rc4 48. Ra8 Rc2+ 49. Kh3 Rc5 50. Ra4 Rg5 51. Rxg5+ 1-0

[Event "Berlin Lichtenrade op 03rd"]
[Site "Berlin"]
[Date "2007.04.14"]
[Round "8"]
[White "Hess, Markus"]
[Black "Montavon, Gerard"]
[Result "1-0"]
[WhiteElo "1946"]
[BlackElo "2095"]
[PlyCount "116"]
[EventDate "2007.04.07"]
[EventType "swiss"]
[EventRounds "9"]
[EventCountry "GER"]
[SourceTitle "EXT 2008"]
[Source "ChessBase"]
[SourceDate "2007.11.25"]
[SourceVersion "1"]
[SourceVersionDate "2007.11.25"]
[SourceQuality "1"]

1. d4 Nf6 2. Nf3 d5 3. e3 e6 4. Bd3 c5 5. c3 Nc6 6. Nbd2 Qc7 7. Qe2 b6 8. 0-0 Be7 9. Re1 0-0 10. dxc5 bxc5 11. e4 d4 12. e5 dxc3 13. exf6 cxd2 14. Bxd2 Bxf6 15. Qe4 g6 16. Bf4 Qb6 17. Nd2 Bb7 18. Nc4 Qd8 19. Nd6 Nb4 20. Nxb7 Qxd3 21. Nxc5 Qxe4 22. Rxe4 Bxb2 23. Rb1 Bc3 24. Rexb4 Bxb4 25. Rxb4 Rfd8 26. h3 Rd1+ 27. Kh2 Rd5 28. Ne4 Kg7 29. Rb7 h6 30. g4 a5 31. g5 hxg5 32. Nxg5 Rf5 33. Kg3 Ra6 34. Nf3 Kf8 35. h4 a4 36. Nd4 Rd5 37. Nb5 e5 38. Bh6+ Kg8 39. Nc7 Rd3+ 40. Kg2 Rc6 41. Be3 a3 42. Rb8+ Kh7 43. Ne8 f6 44. Rb7+ Kg8 45. Bh6 Rd8 46. Rg7+ Kh8 47. Re7 g5 48. Bg7+ Kg8 49. Nxf6+ Rxf6 50. Bxf6 Rd2 51. hxg5 Rxa2 52. Rxe5 Kf7 53. Re7+ Kg6 54. Ra7 Kf5 55. Kg3 Ke6 56. Be7 Ra1 57. Rxa3 Rg1+ 58. Kh2 Rg4 1-0

[Event "Berlin Lichtenrade op 03rd"]
[Site "Berlin"]
[Date "2007.04.07"]
[Round "1"]
[White "Montavon, Gerard"]
[Black "Lenkeit, Fred"]
[Result "1-0"]
[WhiteElo "2100"]
[BlackElo "1617"]
[PlyCount "45"]
[EventDate "2007.04.07"]
[EventType "swiss"]
[EventRounds "9"]
[EventCountry "GER"]
[SourceTitle "EXT 2008"]
[Source "ChessBase"]
[SourceDate "2007.11.25"]
[SourceVersion "1"]
[SourceVersionDate "2007.11.25"]
[SourceQuality "1"]

1. e4 c6 2. d4 d5 3. Nc3 dxe4 4. Nxe4 Bf5 5. Ng3 Bg6 6. h4 h6 7. Nf3 Nf6 8. Ne5 Bh7 9. Bc4 e6 10. c3 Bd6 11. Qe2 0-0 12. Nxf7 Rxf7 13. Bxe6 Kf8 14. Bxf7 Kxf7 15. 0-0 Nbd7 16. Qf3 Qc7 17. Bd2 Re8 18. Nf5 Bxf5 19. Qxf5 Bh2+ 20. Kh1 Re4 21. g3 Bxg3 22. fxg3 Qxg3 23. Qxe4 1-0

[Event "Leipzig VfB op 14th"]
[Site "Leipzig"]
[Date "2007.03.24"]
[Round "8"]
[White "Montavon, Gerard"]
[Black "Franke, Uwe"]
[Result "1-0"]
[WhiteElo "2100"]
[BlackElo "1694"]
[PlyCount "71"]
[EventDate "2007.03.20"]
[EventType "swiss"]
[EventRounds "9"]
[EventCountry "GER"]
[SourceTitle "EXT 2008"]
[Source "ChessBase"]
[SourceDate "2007.11.25"]
[SourceVersion "1"]
[SourceVersionDate "2007.11.25"]
[SourceQuality "1"]

1. e4 e5 2. Nf3 Nc6 3. c3 d6 4. Bc4 Be7 5. d3 Bf6 6. 0-0 Nge7 7. Ng5 Bxg5 8. Bxg5 0-0 9. Qh5 Qe8 10. f4 exf4 11. Rxf4 Ng6 12. Rf2 Nce5 13. Qe2 Nxc4 14. dxc4 Be6 15. Nd2 f6 16. Be3 Ne5 17. h3 b6 18. b3 Qd7 19. Kh2 Rf7 20. Qh5 Raf8 21. Rf4 Ng6 22. Rf3 f5 23. exf5 Rxf5 24. Rxf5 Rxf5 25. Qe2 Ne5 26. Ne4 h6 27. Rd1 Qc6 28. Ng3 Rf8 29. Bd4 Bf7 30. Bxe5 Re8 31. Nf5 Bg6 32. Qg4 Kh7 33. Bd4 Re4 34. Qf3 Qe8 35. Rf1 c5 36. Bf2 1-0

[Event "Leipzig VfB op 14th"]
[Site "Leipzig"]
[Date "2007.03.23"]
[Round "6"]
[White "Montavon, Gerard"]
[Black "Langer, Wolfgang2222"]
[Result "1-0"]
[WhiteElo "2100"]
[BlackElo "2002"]
[PlyCount "47"]
[EventDate "2007.03.20"]
[EventType "swiss"]
[EventRounds "9"]
[EventCountry "GER"]
[SourceTitle "EXT 2008"]
[Source "ChessBase"]
[SourceDate "2007.11.25"]
[SourceVersion "1"]
[SourceVersionDate "2007.11.25"]
[SourceQuality "1"]

1. e4 d6 2. d4 Nf6 3. Nc3 e5 4. d5 Be7 5. f3 Nbd7 6. Be3 0-0 7. Qd2 c6 8. 0-0-0 cxd5 9. exd5 Qa5 10. Kb1 a6 11. g4 b5 12. g5 Nh5 13. Nge2 g6 14. Ng3 Ng7 15. h4 f5 16. gxf6 Nxf6 17. Bg5 Bf5 18. h5 Qc7 19. h6 Nge8 20. Nxf5 gxf5 21. Bh3 b4 22. Ne2 Kh8 23. Bxf5 Nxd5 24. Qxd5 1-0

[Event "Leipzig VfB op 14th"]
[Site "Leipzig"]
[Date "2007.03.22"]
[Round "4"]
[White "Montavon, Gerard"]
[Black "Schroeter, Samuel"]
[Result "0-1"]
[WhiteElo "2100"]
[BlackElo "1768"]
[PlyCount "78"]
[EventDate "2007.03.20"]
[EventType "swiss"]
[EventRounds "9"]
[EventCountry "GER"]
[SourceTitle "EXT 2008"]
[Source "ChessBase"]
[SourceDate "2007.11.25"]
[SourceVersion "1"]
[SourceVersionDate "2007.11.25"]
[SourceQuality "1"]

1. e4 e5 2. Nf3 Nc6 3. c3 d5 4. Qa4 Qd6 5. exd5 Qxd5 6. Bc4 Qe4+ 7. Kd1 Be6 8. d3 Rd8 9. Nbd2 Rxd3 10. b3 Bxc4 11. bxc4 Rd7 12. Re1 Qg4 13. h3 Qxg2 14. Nxe5 Nxe5 15. Rxe5+ Be7 16. Qxa7 Qc6 17. Ba3 Qh1+ 18. Re1 Qf3+ 19. Re2 Qh1+ 20. Re1 Qxh3 21. Qxb7 Qxc3 22. Qb2 Rxd2+ 23. Qxd2 Qxa1+ 24. Ke2 Qf6 25. Kf1 Qc6 26. Qg5 Qh1+ 27. Qg1 Qxg1+ 28. Kxg1 Kd7 29. Bxe7 Nxe7 30. a4 Rd8 31. Rd1+ Kc6 32. Kf1 Kc5 33. Ke2 Kb4 34. Rb1+ Kc5 35. Rb5+ Kxc4 36. Re5 Ng6 37. Rf5 f6 38. a5 c5 39. Rh5 Nf4+ 0-1

[Event "FRA-chT3 Gr14 0607"]
[Site "France"]
[Date "2007.01.21"]
[Round "5.4"]
[White "Munsch, David"]
[Black "Montavon, Gerard"]
[Result "0-1"]
[WhiteElo "1920"]
[BlackElo "2100"]
[PlyCount "80"]
[EventDate "2006.10.15"]
[EventType "team"]
[EventRounds "9"]
[EventCountry "FRA"]
[SourceTitle "EXT 2008"]
[Source "ChessBase"]
[SourceDate "2007.11.25"]
[SourceVersion "1"]
[SourceVersionDate "2007.11.25"]
[SourceQuality "1"]

1. Nf3 d6 2. d4 g6 3. g3 Bg7 4. Bg2 Nd7 5. d5 e5 6. dxe6 fxe6 7. Bh3 Qe7 8. c3 Qf6 9. Bg5 Qf7 10. Nd4 Nc5 11. Nb5 a6 12. N5a3 Ne7 13. 0-0 0-0 14. Nd2 e5 15. Bxc8 Raxc8 16. b4 Ne6 17. Bxe7 Qxe7 18. Qb3 Kh8 19. Rad1 c6 20. Nc2 d5 21. e4 Rcd8 22. a4 b5 23. axb5 axb5 24. Ra1 Bh6 25. exd5 cxd5 26. Ne3 d4 27. cxd4 exd4 28. Qb2 Bg7 29. Nd1 d3 30. Nc3 Nd4 31. Kg2 Ne2 32. Ndb1 Qb7+ 33. f3 g5 34. Ra3 g4 35. Nd2 gxf3+ 36. Nxf3 Rxf3 37. Rxf3 Rf8 38. Qa1 Qxf3+ 39. Kh3 Nf4+ 40. Kh4 Qh5# 0-1

[Event "Biel MTO op"]
[Site "Biel"]
[Date "2006.07.28"]
[Round "5"]
[White "Illijin, Neboisa"]
[Black "Montavon, Gerard"]
[Result "1-0"]
[WhiteElo "2249"]
[BlackElo "2129"]
[PlyCount "75"]
[EventDate "2006.07.24"]
[EventType "swiss"]
[EventRounds "11"]
[EventCountry "SUI"]
[SourceTitle "CBM 113 Extra"]
[Source "ChessBase"]
[SourceDate "2006.09.14"]
[SourceVersion "1"]
[SourceVersionDate "2006.09.14"]
[SourceQuality "1"]

1. Nf3 d5 2. d4 Nf6 3. c4 e6 4. Nc3 Be7 5. Bf4 0-0 6. e3 c6 7. Bd3 h6 8. 0-0 Bd6 9. Ne5 dxc4 10. Bxc4 b5 11. Bd3 Bb7 12. Rc1 a6 13. Ne4 Bxe5 14. Bxe5 Nxe4 15. Bxe4 Nd7 16. Bd6 Re8 17. Bxc6 Bxc6 18. Rxc6 Nf6 19. Qc2 h5 20. Rc1 h4 21. h3 g5 22. Be5 Nd5 23. Qe2 f6 24. Bd6 Kg7 25. Qg4 Kh6 26. Bc5 Qd7 27. Rd6 Qf7 28. Qe4 Kh5 29. Rc6 a5 30. Bd6 Ra7 31. Qd3 b4 32. e4 Ne7 33. Rc7 Rxc7 34. Rxc7 e5 35. d5 f5 36. exf5 Qf6 37. Bxe7 Rxe7 38. Qf3+ 1-0

[Event "Leipzig VfB op 13th"]
[Site "Leipzig"]
[Date "2006.03.16"]
[Round "5"]
[White "Montavon, Gerard"]
[Black "Michalowski, Peter"]
[Result "0-1"]
[WhiteElo "2139"]
[BlackElo "1967"]
[PlyCount "80"]
[EventDate "2006.03.14"]
[EventType "swiss"]
[EventRounds "9"]
[EventCountry "GER"]
[SourceTitle "EXT 2008"]
[Source "ChessBase"]
[SourceDate "2007.11.25"]
[SourceVersion "1"]
[SourceVersionDate "2007.11.25"]
[SourceQuality "1"]

1. e4 c5 2. Nf3 d6 3. d4 cxd4 4. Nxd4 Nf6 5. Nc3 a6 6. h3 e6 7. Be3 Qc7 8. Bd3 Nbd7 9. 0-0 Be7 10. Qe2 b5 11. a3 Bb7 12. f4 Rc8 13. Kh1 Nb6 14. Ndxb5 axb5 15. Nxb5 Qd8 16. a4 0-0 17. e5 dxe5 18. fxe5 Nfd5 19. Bh6 Nb4 20. Qg4 g6 21. Bxf8 Bxf8 22. Rad1 Nxd3 23. Rxd3 Qe8 24. Nc3 Ba6 25. Ne4 Be7 26. Rb3 Bxf1 27. Rxb6 Rxc2 28. a5 Bxg2+ 29. Qxg2 Rxg2 30. Kxg2 Qa8 31. Kf3 Qxa5 32. Rb8+ Kg7 33. Rb7 Qd8 34. Ke3 Bg5+ 35. Ke2 Qd5 36. Rb4 Qxe5 37. Kd3 Qd5+ 38. Kc2 Be7 39. Ra4 Qc6+ 40. Kb3 Qb5+ 0-1

[Event "Leipzig VfB op 13th"]
[Site "Leipzig"]
[Date "2006.03.15"]
[Round "2"]
[White "Jaehn, Michael"]
[Black "Montavon, Gerard"]
[Result "0-1"]
[WhiteElo "1974"]
[BlackElo "2139"]
[PlyCount "126"]
[EventDate "2006.03.14"]
[EventType "swiss"]
[EventRounds "9"]
[EventCountry "GER"]
[SourceTitle "EXT 2008"]
[Source "ChessBase"]
[SourceDate "2007.11.25"]
[SourceVersion "1"]
[SourceVersionDate "2007.11.25"]
[SourceQuality "1"]

1. d4 Nf6 2. Nf3 e6 3. g3 b6 4. Bg2 Bb7 5. 0-0 c5 6. c4 cxd4 7. Qxd4 Be7 8. Rd1 d6 9. b3 Nbd7 10. Ba3 Nc5 11. Nc3 a6 12. Bxc5 bxc5 13. Qd3 0-0 14. e4 Qc7 15. Qe2 Nd7 16. Rd3 Rfd8 17. Rad1 Bc6 18. Nd5 Bxd5 19. cxd5 e5 20. h4 a5 21. a4 Rab8 22. Rc1 Rb4 23. Nd2 Rdb8 24. Rdc3 Qa7 25. Qe3 Qb7 26. Bf1 Nb6 27. Bb5 Nc8 28. Nc4 Qc7 29. Na3 Na7 30. Bc4 Qd7 31. Qf3 g6 32. Nc2 R4b7 33. Ne3 Rf8 34. Qg4 Qxg4 35. Nxg4 Kg7 36. Kg2 f5 37. Nh2 Rb4 38. Rf1 Bf6 39. Nf3 Nc8 40. Nd2 Nb6 41. Bd3 Rb8 42. Re1 Nxd5 43. Rc4 Ne7 44. Rxb4 Rxb4 45. Bb5 fxe4 46. Nxe4 Rd4 47. Re2 Kf7 48. Nd2 d5 49. Nf3 Rb4 50. Rc2 e4 51. Nd2 Bd4 52. Kf1 Ke6 53. Ke2 Nf5 54. Ba6 Nd6 55. f3 Rb6 56. Bb5 Nxb5 57. axb5 e3 58. Nf1 Rxb5 59. Nxe3 Rxb3 60. Nd1 a4 61. Ra2 a3 62. g4 Ke5 63. Rd2 Bb2 0-1

[Event "Leipzig VfB op 13th"]
[Site "Leipzig"]
[Date "2006.03.15"]
[Round "3"]
[White "Montavon, Gerard"]
[Black "Langheinrich, Ferenc"]
[Result "0-1"]
[WhiteElo "2139"]
[BlackElo "2382"]
[PlyCount "56"]
[EventDate "2006.03.14"]
[EventType "swiss"]
[EventRounds "9"]
[EventCountry "GER"]
[SourceTitle "EXT 2008"]
[Source "ChessBase"]
[SourceDate "2007.11.25"]
[SourceVersion "1"]
[SourceVersionDate "2007.11.25"]
[SourceQuality "1"]

1. e4 c5 2. Nf3 d6 3. d4 cxd4 4. Nxd4 Nf6 5. Nc3 Nc6 6. h3 g6 7. Be3 Bg7 8. Be2 0-0 9. g4 d5 10. exd5 Nxd5 11. Nxc6 bxc6 12. Bd2 Rb8 13. Qc1 Qa5 14. Nd1 Qc7 15. c4 Nb4 16. a3 Na6 17. Rb1 Nc5 18. b4 Ne6 19. c5 Nd4 20. Kf1 Nxe2 21. Kxe2 Ba6+ 22. Kf3 f5 23. gxf5 Qe5 24. Re1 Qh2 25. Kg4 Qg2+ 26. Kh4 Rxf5 27. Bg5 Rxg5 28. Qxg5 Bf6 0-1